000 00421nam a2200193Ia 4500
999 _c65643
_d65643
003 0100
005 20170802103046.0
008 130303s9999 xx 000 0 und d
020 _a0262161087
040 _cARRUPELIB
050 _aB835.P88 1988
100 _aPutnam, Hilary
_934374
245 _aRepresentation and reality
260 _bMIT Press
_aLondon
_c1988
300 _a136p.
300 _b 24cm.
650 _aRealism
_xMind-brain identity theory;
_934375
650 _aReference (Philosophy)
_934376
650 _aComputers
_9244
650 _aPhilosophy
_934377
650 _aMathematics
_97527
650 _aFunctionalism (Psychology)
_xTruth
_934378
942 _2lcc
_cMONOGRAPH